|
|
|
|
| LEADER |
00000cam a2200000 i 4500 |
| 001 |
1/59782 |
| 008 |
040901s2003 gr | ||| |||| ||gre|| |
| 020 |
|
|
|a 9604103172
|
| 035 |
|
|
|l 10074179
|
| 040 |
|
|
|a GR-MyUA
|b gre
|e AACR2
|
| 041 |
1 |
|
|a gre
|h eng
|
| 082 |
0 |
|
|a 889.1092
|
| 100 |
1 |
|
|a Beaton, Roderick.
|
| 245 |
1 |
0 |
|a Γιώργος Σεφέρης :
|b περιμένοντας τον άγγελο /
|c Ρόντρικ Μπήτον ; μετάφραση Μίκα Προβατά.
|
| 260 |
|
|
|a Αθήνα :
|b Ωκεανίδα,
|c 2003.
|
| 300 |
|
|
|a 749 σ. ;
|c 24 εκ.
|
| 490 |
1 |
|
|a (Κυκεών
|v ; 14)
|
| 500 |
|
|
|a Τίτλος πρωτοτύπου: George Seferis.
|
| 600 |
1 |
0 |
|a Σεφέρης, Γιώργος,
|d 1900-1971.
|
| 650 |
0 |
0 |
|a Poets, Greek (Modern)
|x Biography.
|
| 700 |
1 |
|
|a Προβατά, Μίκα,
|e trlf
|
| 830 |
|
0 |
|a Κυκεών ;
|v 14
|
| 852 |
|
|
|a INST
|b SAMOS
|e 20040901
|h 889.1092 BEA
|p 005300023186
|q 005300023186
|t BK
|y 0
|
| 901 |
|
|
|a BIBL3-2004-2
|
| 909 |
|
|
|a Σ
|b 107468
|
| 922 |
|
|
|a 3ΕΛΗ
|b 200406
|c ΤΜΠΕΣ
|d LEADER
|
| 970 |
|
|
|a ΜΑΛΑΓΑΡΗ
|b ΦΩΤΕΙΝΗ
|z 2004/09/01
|